| 000 | 00399cam a22001097a 4500 | ||
|---|---|---|---|
| 008 | 180718b2001 xxu||||| |||| 00| 0 eng d | ||
| 100 | _aAgenor, Pierre-Richard | ||
| 245 |
_aMonetary policy under flexible exchange rates: an introduction to inflation targeting _cby Pierre-Richard Agenor |
||
| 260 |
_aWashington, D.C. _bWorld Bank _c2001 |
||
| 300 | _a81p. | ||
| 440 | _aPolicy research working paper 2511 | ||
| 999 |
_c286881 _d286881 |
||